<?xml version="1.0" encoding="UTF-8"?><?xml-stylesheet type="text/xsl" href="static/style.xsl"?><OAI-PMH xmlns="http://www.openarchives.org/OAI/2.0/" xmlns:xsi="http://www.w3.org/2001/XMLSchema-instance" xsi:schemaLocation="http://www.openarchives.org/OAI/2.0/ http://www.openarchives.org/OAI/2.0/OAI-PMH.xsd"><responseDate>2026-04-17T02:53:28Z</responseDate><request verb="GetRecord" identifier="oai:www.recercat.cat:2117/16383" metadataPrefix="marc">https://recercat.cat/oai/request</request><GetRecord><record><header><identifier>oai:recercat.cat:2117/16383</identifier><datestamp>2025-07-17T11:21:00Z</datestamp><setSpec>com_2072_1033</setSpec><setSpec>col_2072_452950</setSpec></header><metadata><record xmlns="http://www.loc.gov/MARC21/slim" xmlns:dcterms="http://purl.org/dc/terms/" xmlns:xsi="http://www.w3.org/2001/XMLSchema-instance" xmlns:doc="http://www.lyncode.com/xoai" xsi:schemaLocation="http://www.loc.gov/MARC21/slim http://www.loc.gov/standards/marcxml/schema/MARC21slim.xsd">
   <leader>00925njm 22002777a 4500</leader>
   <datafield ind2=" " ind1=" " tag="042">
      <subfield code="a">dc</subfield>
   </datafield>
   <datafield ind2=" " ind1=" " tag="720">
      <subfield code="a">Haurie Ibarra, Laia</subfield>
      <subfield code="e">author</subfield>
   </datafield>
   <datafield ind2=" " ind1=" " tag="720">
      <subfield code="a">Lacasta Palacio, Ana María</subfield>
      <subfield code="e">author</subfield>
   </datafield>
   <datafield ind2=" " ind1=" " tag="720">
      <subfield code="a">Fernández Llado, Javier</subfield>
      <subfield code="e">author</subfield>
   </datafield>
   <datafield ind2=" " ind1=" " tag="720">
      <subfield code="a">Redondo Realinho, Vera Cristina de</subfield>
      <subfield code="e">author</subfield>
   </datafield>
   <datafield ind2=" " ind1=" " tag="720">
      <subfield code="a">Velasco Perero, José Ignacio</subfield>
      <subfield code="e">author</subfield>
   </datafield>
   <datafield ind2=" " ind1=" " tag="260">
      <subfield code="c">2012</subfield>
   </datafield>
   <datafield ind2=" " ind1=" " tag="520">
      <subfield code="a">Phase change materials (PCM) have been proved to be an effective tool to regulate indoor temperature fluctuations and reduce the energetic demand of buildings [1,2]. Paraffins are among the most common PCM used for thermal storage in building applications. A broad range of melting temperatures, with an elevated heat of fusion associated, can be obtained varying the length of the hydrocarbon chain that forms the paraffins. Furthermore, they exhibit numerous benefits such as the nearly absence of supercooling, chemical stability, low vapor pressure during the phase change and no phase segregation [3]. These paraffins can be incorporated in several forms to building materials like gypsum or concrete [4].&#xd;
Despite all these advantages, one major concern regarding the paraffins as PCM is their possible contribution to flame propagation in case of fire [5]. Several authors have tried to improve this aspect by combining the paraffins with HDPE polymers to obtain a form-stable PCM [6]. Blends of paraffin and polyethylene usually contain some inorganic filler, which can act improving both the thermal conductivity as well as the flame retardancy of the system [3, 7]. Microencapsulated PCM or paraffins adsorbed in a substrate are designed to be incorporated directly into the building material and, therefore blending with HDPE is less interesting. Another possibility to increase the fire performance of the PCM is the addition of flame retardants directly into the matrix-PCM mixture. Paraffins usually present their combustion between 220-320ºC and therefore the flame retardants selected should act in this temperature range.&#xd;
In this work we have studied the effect of different loads of PCM on the fire behaviour of gypsum boards. In order to improve the fire behaviour of the gypsum-PCM system, two different types of flame retardants have been added. We have chosen two endothermic flame retardants: aluminium hydroxide (ATH) and a synthetic basic magnesium carbonate, hydromagnesite (HM), obtained from an industrial by-product. Both FR have an endothermic decomposition starting around 200ºC and can be found among the cheapest alternatives to achieve flame retardancy.</subfield>
   </datafield>
   <datafield ind2=" " ind1=" " tag="520">
      <subfield code="a">Postprint (published version)</subfield>
   </datafield>
   <datafield tag="653" ind2=" " ind1=" ">
      <subfield code="a">Àrees temàtiques de la UPC::Edificació::Materials de construcció::Materials plàstics de construcció</subfield>
   </datafield>
   <datafield tag="653" ind2=" " ind1=" ">
      <subfield code="a">Plastics in building</subfield>
   </datafield>
   <datafield tag="653" ind2=" " ind1=" ">
      <subfield code="a">Fire testing</subfield>
   </datafield>
   <datafield tag="653" ind2=" " ind1=" ">
      <subfield code="a">Plàstics en la construcció</subfield>
   </datafield>
   <datafield tag="653" ind2=" " ind1=" ">
      <subfield code="a">•Materials--Assaigs de comportament davant el foc</subfield>
   </datafield>
   <datafield ind2="0" ind1="0" tag="245">
      <subfield code="a">Improvement of the fire behaviour of PCM in building applications</subfield>
   </datafield>
</record></metadata></record></GetRecord></OAI-PMH>